Countries with Shinto Shrines - Statistics

General Stats
  • This quiz has been taken 85 times
  • The average score is 7 of 11
Answer Stats
No. of Shrines Answer % Correct
100 000 Japan
100%
32 United States
95%
1 South Korea
91%
1 Taiwan
83%
3 Canada
82%
2 France
65%
19 Brazil
64%
1 Malaysia
56%
1 Netherlands
29%
1 Paraguay
8%
1 San Marino
8%
No matching quizzes found
Score Distribution
Percent of People with Each Score
Percentile by Number Answered
Your Score History
You have not taken this quiz